| 000 | 01239nam a2200265Ia 4500 | ||
|---|---|---|---|
| 003 | OSt | ||
| 005 | 20200909234609.0 | ||
| 008 | 191128t2009 ck ao gr 000 0 spa d | ||
| 020 | _a9789589780732 | ||
| 040 |
_aCO-JMCR _cCO-JMCR |
||
| 041 | 0 | _aspa | |
| 082 | 0 | 4 |
_a364.154 / _bV715o _223 |
| 100 | 1 |
_aVillamarín Pulido, Luis Alberto, _eautor _910117 |
|
| 245 | 1 | 0 |
_aOperación Jaque : _bcinematográfico rescate de 15 secuestrados en poder de las Farc / _cLuis Alberto Villamarín Pulido |
| 250 | _aPrimera edición | ||
| 260 |
_aBogotá : _bEdiciones Luis Alberto Villamarín Pulido, _c©2009 |
||
| 300 |
_a260 páginas : _bfotografías a blanco y negro ; _c21 cm. |
||
| 490 | 0 |
_aColección conflicto colombiano ; _v5 |
|
| 504 | _aBibliografía: páginas 255-260 | ||
| 505 | 0 | _aNota del autor -- Personas liberadas y tiempo de cautiverio -- Los secuestrados son parte activa del plan estratégico de las Farc -- Primeros secuestros -- Enfoque político y estratégico al tema de los secuestrados -- Secuestros masivos de militares | |
| 650 | 1 | 4 |
_aSecuestro _xrelatos personales _zColombia _910118 |
| 650 | 1 | 4 |
_aSecuestro _xcasos _zColombia _910119 |
| 650 | 1 | 4 |
_aOperaciones de búsqueda y rescate _zColombia _910120 |
| 942 |
_2ddc _cBK |
||
| 999 |
_c3454 _d3454 |
||